000 00811nam a2200241Ia 4500
003 OSt
005 20221005111631.0
006 a|||||r|||| 00| 0
007 ta
008 221004b |||||||| |||| 00| 0 hin d
024 _a31176
037 _cTextual
040 _aCRL
_cCRL
_bhin
041 _2hin
_ahin
082 _aR4, 152M6
100 _aतिवारी, नरेश प्रसाद
245 0 _aचार्वाक का नैतिक दर्शन
246 _aChārvāk kā naitik darshana
260 _aपटना
_bबिहार हिंदी ग्रंथ अकादमी भारत
_c1986
300 _a172पृ.
_ccm.
942 _hR4, 152M6
_cTEXL
_2cc
999 _c1022403
_d1022403